[Event "4NCL/Div4/PONTY vs. HAL"]
[Site "Sunningdale ENG"]
[Date "2007.05.28"]
[Round "11.3"]
[White "Davies, Peter L"]
[Black "Peck, Windsor W"]
[Result "1-0"]
[WhiteElo "1993"]
[BlackElo "1860"]
[PlyCount "49"]
[EventDate "2007.05.28"]
[EventType "team"]
[EventRounds "11"]
[EventCountry "ENG"]
[WhiteTeam "Pontypridd"]
[BlackTeam "Halesowen"]

1. c4 e6 2. Nf3 d5 3. g3 c6 4. Bg2 Nf6 5. O-O Bd6 6. d4 O-O 7. Nc3 Nbd7 8. cxd5
exd5 9. e4 dxe4 10. Ng5 Be7 11. Ngxe4 Nxe4 12. Nxe4 Nf6 13. Nc3 Be6 14. Bg5 Qd7
15. Qa4 Rfe8 16. Bxf6 Bxf6 17. d5 Bxc3 18. dxe6 Qxe6 19. bxc3 Qe5 20. Qb3 Qc7
21. Rad1 Re7 22. Qc4 Rae8 23. Bf3 g6 24. Qd4 f6 25. Qxa7 1-0

[Event "4NCL/Div4/PONTY vs. HAL"]
[Site "Sunningdale ENG"]
[Date "2007.05.28"]
[Round "11.4"]
[White "Asbury, Jon A"]
[Black "St Clair, Allan"]
[Result "1/2-1/2"]
[WhiteElo "1860"]
[BlackElo "1826"]
[PlyCount "66"]
[EventDate "2007.05.28"]
[EventType "team"]
[EventRounds "11"]
[EventCountry "ENG"]
[WhiteTeam "Halesowen"]
[BlackTeam "Pontypridd"]

1. d4 d5 2. c4 Bf5 3. Nc3 e6 4. Bf4 c6 5. e3 Bd6 6. Bxd6 Qxd6 7. Nf3 Nf6 8. Bd3
dxc4 9. Bxc4 Nbd7 10. O-O O-O 11. Qe2 Ne4 12. Nxe4 Bxe4 13. Bd3 Nf6 14. Rac1
Rfd8 15. Rc2 Bxd3 16. Qxd3 e5 17. Nxe5 Qxe5 18. dxe5 Rxd3 19. exf6 gxf6 20.
Rfc1 Rad8 21. Kf1 Kg7 22. Ke2 Kg6 23. f4 f5 24. Kf3 Rd2 25. a4 a5 26. b3 Rxc2
27. Rxc2 Rd3 28. Rb2 b5 29. Rc2 Rxb3 30. Rxc6+ f6 31. axb5 Rxb5 32. Ra6 h5 33.
Ra7 Rc5 1/2-1/2

[Event "4NCL/Div4/PONTY vs. HAL"]
[Site "Sunningdale ENG"]
[Date "2007.05.28"]
[Round "11.5"]
[White "Davis, Ashley"]
[Black "Llewelyn, John D"]
[Result "1/2-1/2"]
[WhiteElo "1535"]
[BlackElo "1845"]
[PlyCount "55"]
[EventDate "2007.05.28"]
[EventType "team"]
[EventRounds "11"]
[EventCountry "ENG"]
[WhiteTeam "Pontypridd"]
[BlackTeam "Halesowen"]

1. d4 Nf6 2. Nf3 g6 3. g3 Bg7 4. Bg2 O-O 5. O-O d6 6. c4 Re8 7. b3 e5 8. dxe5
Ng4 9. Bb2 Nc6 10. Qd2 Ngxe5 11. Nxe5 Nxe5 12. f4 Nc6 13. Bxg7 Kxg7 14. Nc3 Qe7
15. Nd5 Qd8 16. Rae1 Be6 17. Qc2 f6 18. Qb1 Rb8 19. e4 Bxd5 20. exd5 Ne7 21.
Re6 Nf5 22. Rxe8 Qxe8 23. Re1 Qf7 24. Bh3 Re8 25. Rxe8 Qxe8 26. Bxf5 Qe3+ 27.
Kg2 Qe2+ 28. Kg1 1/2-1/2

[Event "4NCL/Div4/WEA2 vs. GLOSG"]
[Site "Sunningdale ENG"]
[Date "2007.05.28"]
[Round "11.1"]
[White "Galliano, Alex"]
[Black "Law, Stephen"]
[Result "0-1"]
[WhiteElo "2083"]
[BlackElo "2145"]
[PlyCount "134"]
[EventDate "2007.05.28"]
[EventType "team"]
[EventRounds "11"]
[EventCountry "ENG"]
[WhiteTeam "W Collective 2"]
[BlackTeam "Glos Gambits"]

1. e4 e5 2. Nf3 Nc6 3. Bb5 a6 4. Ba4 Nf6 5. O-O Be7 6. Re1 b5 7. Bb3 O-O 8. c3
d5 9. d4 Nxe4 10. Nxe5 Nxe5 11. dxe5 c6 12. Nd2 Bf5 13. Nf3 Bg4 14. h3 Bh5 15.
g4 Bg6 16. Nd4 Bh4 17. Be3 Qc7 18. Nxc6 Qxc6 19. Bxd5 Qc7 20. Bxa8 Rxa8 21. Bd4
Ng5 22. Re3 Ne6 23. a4 Bg5 24. Re1 b4 25. Qf3 Rd8 26. Be3 bxc3 27. Bxg5 Nxg5
28. Qxc3 Qxc3 29. bxc3 Nf3+ 30. Kf1 Nxe1 31. Kxe1 Rd3 32. f4 Rxh3 33. Ra3 Bc2
34. Kd2 Rh2+ 35. Kc1 Be4 36. Rb3 Kf8 37. Rb6 Rh6 38. Rb8+ Ke7 39. Kd2 Rc6 40.
Rb7+ Ke8 41. f5 Rd6+ 42. exd6 Bxb7 43. c4 Bf3 44. g5 Bg4 45. f6 gxf6 46. gxf6
Kd7 47. c5 Kc6 48. Ke3 Kxc5 49. Kf4 Be6 50. Ke5 a5 51. Kf4 Kxd6 52. Kg5 Ke5 53.
Kh6 Bf5 54. Kg7 Bg6 55. Kh6 Kf4 56. Kg7 h5 57. Kf8 h4 58. Ke7 h3 59. Kd6 h2 60.
Kc5 h1=Q 61. Kb5 Qd5+ 62. Kb6 Be4 63. Ka6 Bd3+ 64. Kb6 Qd6+ 65. Kb7 Ba6+ 66.
Ka7 Qc6 67. Kb8 Qb7# 0-1

[Event "4NCL/Div4/WEA2 vs. GLOSG"]
[Site "Sunningdale ENG"]
[Date "2007.05.28"]
[Round "11.3"]
[White "Lunn, Matt"]
[Black "Hosken, Nigel"]
[Result "0-1"]
[WhiteElo "1865"]
[BlackElo "1989"]
[PlyCount "70"]
[EventDate "2007.05.28"]
[EventType "team"]
[EventRounds "11"]
[EventCountry "ENG"]
[WhiteTeam "W Collective 2"]
[BlackTeam "Glos Gambits"]

1. d4 d5 2. c4 Nc6 3. Nf3 Bg4 4. e3 Nf6 5. Nc3 e6 6. c5 Bxf3 7. Qxf3 e5 8. Bb5
e4 9. Bxc6+ bxc6 10. Qd1 Be7 11. O-O O-O 12. Bd2 Qd7 13. h3 g6 14. Be1 Nh5 15.
f3 exf3 16. Qxf3 f5 17. Ne2 Rae8 18. Nf4 Nxf4 19. exf4 Bf6 20. Rd1 Re4 21. Bc3
Rfe8 22. Kf2 Qg7 23. g3 Bxd4+ 24. Bxd4 Rxd4 25. Qc3 Rde4 26. Qxg7+ Kxg7 27.
Rfe1 Rxe1 28. Rxe1 Rxe1 29. Kxe1 Kh6 30. Ke2 g5 31. fxg5+ Kxg5 32. Kf3 h5 33.
h4+ Kf6 34. Kf4 d4 35. a3 Ke6 0-1

[Event "4NCL/Div4/WEA2 vs. GLOSG"]
[Site "Sunningdale ENG"]
[Date "2007.05.28"]
[Round "11.4"]
[White "Lambourne, Daniel M"]
[Black "Maguire, Robert"]
[Result "1-0"]
[WhiteElo "2080"]
[BlackElo "1795"]
[PlyCount "99"]
[EventDate "2007.05.28"]
[EventType "team"]
[EventRounds "11"]
[EventCountry "ENG"]
[WhiteTeam "Glos Gambits"]
[BlackTeam "W Collective 2"]

1. c4 e5 2. Nc3 Nc6 3. g3 Nf6 4. Bg2 Bb4 5. Nd5 O-O 6. Nxb4 Nxb4 7. d3 h6 8. b3
Re8 9. e4 d6 10. Ne2 Nc6 11. O-O Bg4 12. Be3 Ne7 13. f3 Bh5 14. d4 exd4 15.
Bxd4 Nc6 16. Nf4 Ne5 17. Nxh5 Nxh5 18. f4 Nc6 19. Bc3 Nf6 20. e5 dxe5 21. Bxc6
bxc6 22. Bxe5 Nd7 23. Bc3 c5 24. Qd5 Re6 25. Rad1 Rd6 26. Qf3 a5 27. Be5 Nxe5
28. fxe5 Rxd1 29. Rxd1 Qe8 30. Qd5 g6 31. Qxc5 Rd8 32. Rd5 Rxd5 33. Qxd5 a4 34.
Kg2 axb3 35. axb3 Qb8 36. e6 fxe6 37. Qxe6+ Kg7 38. Qe7+ Kg8 39. Qf6 Qb7+ 40.
Qf3 Qb4 41. Qd5+ Kg7 42. Qe5+ Kg8 43. Qe6+ Kg7 44. Qd7+ Kf6 45. Qc6+ Kg5 46.
h4+ Kf5 47. Qd5+ Kf6 48. Qd4+ Kf7 49. Qf4+ Ke6 50. Qxh6 1-0

[Event "4NCL/Div4/WEA2 vs. GLOSG"]
[Site "Sunningdale ENG"]
[Date "2007.05.28"]
[Round "11.5"]
[White "Jones, Laurence"]
[Black "Dodwell, Phil"]
[Result "1/2-1/2"]
[WhiteElo "1810"]
[BlackElo "2065"]
[PlyCount "64"]
[EventDate "2007.05.28"]
[EventType "team"]
[EventRounds "11"]
[EventCountry "ENG"]
[WhiteTeam "W Collective 2"]
[BlackTeam "Glos Gambits"]

1. e4 e5 2. Nf3 Nc6 3. Bb5 Nd4 4. Nxd4 exd4 5. d3 c6 6. Bc4 d5 7. exd5 cxd5 8.
Bb5+ Bd7 9. Qe2+ Qe7 10. Bxd7+ Kxd7 11. Qxe7+ Nxe7 12. O-O Rc8 13. c3 Nc6 14.
Bf4 Bc5 15. Nd2 f6 16. Nf3 g5 17. Bd2 dxc3 18. bxc3 Bb6 19. Be3 g4 20. Bxb6
gxf3 21. Be3 fxg2 22. Kxg2 Rhg8+ 23. Kh1 Rg6 24. Rg1 Rcg8 25. Rxg6 hxg6 26. Rb1
b6 27. Rb5 Ke6 28. f4 Rd8 29. Bd2 Kd6 30. Kg2 Re8 31. Kf3 Rh8 32. Kg2 Re8
1/2-1/2

[Event "4NCL/Div4/WEA2 vs. GLOSG"]
[Site "Sunningdale ENG"]
[Date "2007.05.28"]
[Round "11.6"]
[White "Taylor, Geoffrey P"]
[Black "Galliano, George"]
[Result "1-0"]
[WhiteElo "2070"]
[BlackElo "1580"]
[PlyCount "87"]
[EventDate "2007.05.28"]
[EventType "team"]
[EventRounds "11"]
[EventCountry "ENG"]
[WhiteTeam "Glos Gambits"]
[BlackTeam "W Collective 2"]

1. e4 e5 2. Nf3 Nc6 3. Bc4 Bc5 4. O-O Nf6 5. d3 d6 6. c3 Bg4 7. Re1 O-O 8. Nbd2
Qd7 9. Bb3 Ne7 10. Nf1 Ng6 11. Bg5 Qe7 12. h3 Bh5 13. g4 Nf4 14. Bxf4 exf4 15.
gxh5 Nxh5 16. d4 Bb6 17. N1h2 Rfe8 18. Ng4 Rad8 19. Qd3 c5 20. Bc2 g6 21. Kg2
Qd7 22. Bb3 Qe7 23. Nh6+ Kg7 24. Nxf7 Rd7 25. N7g5 h6 26. Ne6+ Kh7 27. d5 Qf6
28. Bc2 Rc8 29. e5 dxe5 30. Rxe5 Ng7 31. Nxf4 Rd6 32. Qe4 Rf8 33. Ne6 Nxe6 34.
Rxe6 Rxe6 35. dxe6 Re8 36. Re1 Kg7 37. e7 Kf7 38. Bb3+ Kg7 39. Ba4 Kf7 40.
Bxe8+ Kxe8 41. Qxb7 Qg7 42. Qc8+ Kf7 43. e8=Q+ Kf6 44. Qce6# 1-0

[Event "4NCL/Div4/BCA vs. KSP"]
[Site "Sunningdale ENG"]
[Date "2007.05.28"]
[Round "11.1"]
[White "Mordue, A Tyson"]
[Black "Carpenter, Dai"]
[Result "1-0"]
[WhiteElo "2292"]
[BlackElo "2030"]
[PlyCount "149"]
[EventDate "2007.05.28"]
[EventType "team"]
[EventRounds "11"]
[EventCountry "ENG"]
[WhiteTeam "Braille C A"]
[BlackTeam "King supp Pawn"]

1. e4 d5 2. exd5 Qxd5 3. Nc3 Qa5 4. d4 Nf6 5. Bc4 Bf5 6. Nf3 c6 7. Bd2 Qc7 8.
Ne5 e6 9. Qe2 Nbd7 10. O-O-O b5 11. Nxd7 Nxd7 12. Bb3 Be7 13. g4 Bg6 14. f4 b4
15. Ne4 Bxe4 16. Qxe4 Nf6 17. Qf3 O-O 18. f5 exf5 19. Qxf5 Rad8 20. Bf4 Qd7 21.
Qxd7 Rxd7 22. Ba4 Rc8 23. h3 Nd5 24. Be5 Bg5+ 25. Kb1 Bf4 26. Rhe1 f6 27. Bxf4
Nxf4 28. Re4 Nxh3 29. Bb3+ Kf8 30. Rde1 Ng5 31. Rf4 Re7 32. Ref1 Rce8 33. a3
bxa3 34. bxa3 Re1+ 35. Kb2 Rxf1 36. Rxf1 Re4 37. Kc3 Ke7 38. Rf5 Rxg4 39. Ra5
Nf3 40. d5 cxd5 41. Bxd5 Nd4 42. Rxa7+ Kd6 43. Bc4 h5 44. Ra6+ Kc7 45. Ra8 h4
46. Rh8 g5 47. a4 Nc6 48. Rh6 Rf4 49. Be6 Kd6 50. Bc8 Ne5 51. Kb3 Nc6 52. c3
Ke5 53. Bd7 Kd5 54. Ka3 Rf3 55. Kb3 Ne5 56. Bc8 Nc6 57. Bd7 Kc5 58. Kc2 Ne5 59.
Bc8 Kc4 60. Be6+ Kc5 61. Kb3 f5 62. a5 Nc6 63. a6 h3 64. Bc8 Re3 65. Rxc6+ Kxc6
66. a7 f4 67. a8=Q+ Kc7 68. Qb7+ Kd6 69. Qh7 f3 70. Qg6+ Kc7 71. Bxh3 f2 72.
Qf7+ Kc6 73. Bg2+ Kb5 74. Qb7+ Kc5 75. Qa7+ 1-0

[Event "4NCL/Div4/BCA vs. KSP"]
[Site "Sunningdale ENG"]
[Date "2007.05.28"]
[Round "11.2"]
[White "Healey, Michael"]
[Black "Ross, Chris"]
[Result "1/2-1/2"]
[WhiteElo "2012"]
[BlackElo "2135"]
[PlyCount "81"]
[EventDate "2007.05.28"]
[EventType "team"]
[EventRounds "11"]
[EventCountry "ENG"]
[WhiteTeam "King supp Pawn"]
[BlackTeam "Braille C A"]

1. e4 c5 2. Nf3 e6 3. d4 cxd4 4. Nxd4 a6 5. c4 Nf6 6. Bd3 Nc6 7. Nxc6 dxc6 8.
O-O e5 9. h3 Be6 10. Qe2 Bc5 11. Kh1 Nd7 12. f4 exf4 13. Bxf4 Bd4 14. Nd2 Be5
15. Rad1 Bxf4 16. Rxf4 Qc7 17. e5 Nxe5 18. Bf5 O-O-O 19. Bxe6+ fxe6 20. Re4 Nd3
21. Re3 Nf4 22. Qg4 h5 23. Qg5 Rd4 24. Rf1 Rxd2 25. Qxf4 Qxf4 26. Rxf4 Rxb2 27.
Rxe6 Rxa2 28. Re7 g5 29. Rff7 Rb2 30. Rg7 g4 31. hxg4 hxg4+ 32. Kg1 Kb8 33.
Rxg4 a5 34. Rg5 Rh4 35. Re8+ Kc7 36. c5 Rd4 37. Rg7+ Rd7 38. Rgg8 Rd1+ 39. Kh2
Rdd2 40. Rc8+ Kd7 41. Rcd8+ 1/2-1/2

[Event "4NCL/Div4/BCA vs. KSP"]
[Site "Sunningdale ENG"]
[Date "2007.05.28"]
[Round "11.3"]
[White "Loftus, Sean"]
[Black "Davies, Matthew"]
[Result "1/2-1/2"]
[WhiteElo "1905"]
[BlackElo "1960"]
[PlyCount "85"]
[EventDate "2007.05.28"]
[EventType "team"]
[EventRounds "11"]
[EventCountry "ENG"]
[WhiteTeam "Braille C A"]
[BlackTeam "King supp Pawn"]

1. c4 e5 2. Nc3 Nc6 3. g3 Nf6 4. Bg2 Bb4 5. Nf3 O-O 6. O-O d6 7. Nd5 a5 8. d3
h6 9. a3 Bc5 10. Bd2 Nxd5 11. cxd5 Ne7 12. b4 Bb6 13. Qb3 c6 14. dxc6 bxc6 15.
bxa5 Bxa5 16. Bxa5 Qxa5 17. Rfb1 Be6 18. Qb4 Qxb4 19. Rxb4 Ra7 20. Ne1 d5 21.
Nc2 Rc8 22. Rab1 c5 23. Rb7 Rc7 24. Rxa7 Rxa7 25. Kf1 f6 26. Ke1 Kf7 27. Kd2 d4
28. Rb7 Rxb7 29. Bxb7 Bd7 30. Ba6 Ke6 31. Bc4+ Kd6 32. Bb3 Nc6 33. Ba4 Kc7 34.
Na1 Kb6 35. Nb3 Be6 36. Bxc6 Kxc6 37. Kc2 Kb5 38. Kb2 c4 39. dxc4+ Bxc4 40. Nc1
Ka4 41. Nd3 Bd5 42. f3 h5 43. h4 1/2-1/2

[Event "4NCL/Div4/BCA vs. KSP"]
[Site "Sunningdale ENG"]
[Date "2007.05.28"]
[Round "11.4"]
[White "Zhu, Yao Yao"]
[Black "Cole, Tristram C"]
[Result "1-0"]
[WhiteElo "2000"]
[BlackElo "1960"]
[PlyCount "107"]
[EventDate "2007.05.28"]
[EventType "team"]
[EventRounds "11"]
[EventCountry "ENG"]
[WhiteTeam "King supp Pawn"]
[BlackTeam "Braille C A"]

1. e4 e6 2. d4 d5 3. exd5 exd5 4. Bd3 Bd6 5. h3 Nc6 6. c3 Nge7 7. Nf3 Be6 8. b3
Qd7 9. Na3 f6 10. O-O O-O-O 11. c4 Bb4 12. Nb5 dxc4 13. bxc4 a6 14. a3 Ba5 15.
a4 Bb6 16. Be3 Nf5 17. Bxf5 Bxf5 18. c5 Ba5 19. Qb3 Qd5 20. Qb2 Nb4 21. Nc3 Qc6
22. Nd2 Nc2 23. Nc4 Bxc3 24. Qxc3 Nxa1 25. Rxa1 Rhe8 26. Na5 Qd5 27. c6 bxc6
28. Nxc6 Rd6 29. Nb4 Qb7 30. Bf4 Rb6 31. Nd5 Rc6 32. Qa5 Be4 33. Re1 Kd7 34. f3
Bg6 35. Ne3 Qb6 36. Qd5+ Kc8 37. a5 Qb5 38. Qa2 Qb7 39. d5 Rc5 40. Kh2 Bf7 41.
Qa3 Qb5 42. d6 cxd6 43. Bxd6 Rc6 44. Rc1 Re6 45. Bc5 Qb8+ 46. Kg1 Qe5 47. Nc4
Qg5 48. Bf2 Qf4 49. Nb6+ Kb7 50. Rb1 Qf5 51. Rb2 Rc2 52. Nd5+ Rxb2 53. Qxb2+
Kc6 54. Qb6+ 1-0

[Event "4NCL/Div4/BCA vs. KSP"]
[Site "Sunningdale ENG"]
[Date "2007.05.28"]
[Round "11.5"]
[White "Waters, Roger G"]
[Black "Ghandi, Nayan"]
[Result "1/2-1/2"]
[WhiteElo "1755"]
[BlackElo "1750"]
[PlyCount "92"]
[EventDate "2007.05.28"]
[EventType "team"]
[EventRounds "11"]
[EventCountry "ENG"]
[WhiteTeam "Braille C A"]
[BlackTeam "King supp Pawn"]

1. e4 e5 2. Nf3 Nc6 3. d4 d6 4. d5 Nce7 5. c4 Bg4 6. Nc3 c6 7. Be2 Nf6 8. h3
Bh5 9. Nh4 Bxe2 10. Qxe2 g6 11. Bg5 Bg7 12. f4 Nd7 13. f5 f6 14. Be3 c5 15. g4
Qc7 16. Qd2 g5 17. Nf3 Nb6 18. b3 a6 19. Rb1 Nd7 20. b4 b6 21. bxc5 bxc5 22.
Qc2 Nb6 23. Na4 Nec8 24. Nxb6 Nxb6 25. Bd2 Bf8 26. Ba5 Rb8 27. Bxb6 Rxb6 28.
Rxb6 Qxb6 29. Ke2 h5 30. Rb1 Qa7 31. Qa4+ Kf7 32. Kf2 hxg4 33. hxg4 Be7 34. Qc6
Rb8 35. Rxb8 Qxb8 36. Qxa6 Qb2+ 37. Kg3 Qc1 38. Qa4 Qf4+ 39. Kf2 Qxe4 40. Qb3
Qxg4 41. a4 Qxf5 42. a5 e4 43. a6 g4 44. a7 g3+ 45. Kxg3 exf3 46. Qxf3 Qg5+
1/2-1/2

[Event "4NCL/Div4/BCA vs. KSP"]
[Site "Sunningdale ENG"]
[Date "2007.05.28"]
[Round "11.6"]
[White "Griffiths, Hywel"]
[Black "Kirkham, Mark"]
[Result "0-1"]
[WhiteElo "1619"]
[BlackElo "1570"]
[PlyCount "94"]
[EventDate "2007.05.28"]
[EventType "team"]
[EventRounds "11"]
[EventCountry "ENG"]
[WhiteTeam "King supp Pawn"]
[BlackTeam "Braille C A"]

1. f4 d5 2. Nf3 Nf6 3. g3 g6 4. Bg2 Bg7 5. O-O O-O 6. d3 c5 7. c3 Nc6 8. Qe1
Bd7 9. e4 dxe4 10. dxe4 Qc8 11. Na3 Bh3 12. e5 Ne8 13. Nc2 Bxg2 14. Kxg2 b5 15.
Be3 c4 16. Bc5 Nc7 17. Qf2 Rd8 18. Nfd4 Nxd4 19. Nxd4 Qd7 20. Qf3 Nd5 21. Rad1
e6 22. Bd6 Qb7 23. Kg1 Qb6 24. Rf2 a6 25. h4 Rdc8 26. h5 Re8 27. Rdd2 f6 28.
hxg6 hxg6 29. Qg4 Kf7 30. Qf3 Bf8 31. Bxf8 Rxf8 32. exf6 Nxf6 33. Rde2 Rae8 34.
g4 Kg7 35. Qe3 Kg8 36. Qh3 Rf7 37. g5 Nh5 38. Rxe6 Rxe6 39. Qxe6 Qxe6 40. Nxe6
Rf5 41. Nc7 Nxf4 42. Kh2 Nd3 43. Rxf5 gxf5 44. Nxa6 Nxb2 45. Nc7 b4 46. cxb4 c3
47. b5 c2 0-1

[Event "4NCL/Div4/WEA1 vs. NOTT2"]
[Site "Sunningdale ENG"]
[Date "2007.05.28"]
[Round "11.1"]
[White "Fryer, David W"]
[Black "Wright, Antony J"]
[Result "1-0"]
[WhiteElo "2076"]
[BlackElo "2020"]
[PlyCount "117"]
[EventDate "2007.05.28"]
[EventType "team"]
[EventRounds "11"]
[EventCountry "ENG"]
[WhiteTeam "W Collective 1"]
[BlackTeam "Notts 2"]

1. e4 e6 2. d3 d5 3. Nd2 c5 4. g3 Nc6 5. Bg2 Nf6 6. Ngf3 Be7 7. O-O O-O 8. Re1
Re8 9. h4 Bf8 10. e5 Nd7 11. c3 Qc7 12. Qe2 b5 13. Nf1 a5 14. Bf4 Ba6 15. N1h2
Nb6 16. Ng4 b4 17. Ng5 bxc3 18. bxc3 h6 19. Nh3 Rab8 20. Rac1 Ne7 21. Nf6+ Kh8
22. Nxe8 Rxe8 23. g4 c4 24. d4 Bb5 25. Bg3 Bd7 26. Nf4 Ng8 27. Qf3 Ba3 28. Rb1
Na4 29. Nh5 Bc6 30. Re2 Rc8 31. g5 Be8 32. Bh3 Rb8 33. Rxb8 Qxb8 34. Kh2 Qb1
35. Bf4 Bf8 36. Bd2 Qd3 37. Qxd3 cxd3 38. Re3 Bb5 39. Rf3 Be8 40. Nf4 Ba3 41.
Nxd3 hxg5 42. hxg5 g6 43. Bf1 Nb6 44. Bc1 Bf8 45. Ne1 Kg7 46. Nc2 Na4 47. c4
dxc4 48. Bxc4 Nb6 49. Bf1 Ba4 50. Ne3 Bc6 51. Rh3 Be7 52. Ng4 Nd7 53. Nf6 Nf8
54. Bg2 Ba4 55. d5 exd5 56. Bxd5 Bc5 57. Bb2 Ne7 58. Ne8+ Bxe8 59. e6+ 1-0

[Event "4NCL/Div4/WEA1 vs. NOTT2"]
[Site "Sunningdale ENG"]
[Date "2007.05.28"]
[Round "11.2"]
[White "Thompson, Brian"]
[Black "Grant, David"]
[Result "1-0"]
[WhiteElo "2000"]
[BlackElo "1914"]
[PlyCount "95"]
[EventDate "2007.05.28"]
[EventType "team"]
[EventRounds "11"]
[EventCountry "ENG"]
[WhiteTeam "Notts 2"]
[BlackTeam "W Collective 1"]

1. d4 Nf6 2. Nf3 g6 3. c4 Bg7 4. Nc3 d5 5. cxd5 Nxd5 6. e4 Nxc3 7. bxc3 c5 8.
Rb1 Nc6 9. d5 Ne5 10. Nxe5 Bxe5 11. Bd2 O-O 12. f4 Bg7 13. Be2 e6 14. dxe6 Bxe6
15. Qc2 Qh4+ 16. g3 Qh3 17. Bf1 Qh5 18. Kf2 b6 19. h3 Rad8 20. Be2 Qh6 21. Be3
f5 22. e5 Bd5 23. Bf3 Bxf3 24. Kxf3 g5 25. Rbd1 Qc6+ 26. Kf2 Rxd1 27. Rxd1 g4
28. hxg4 fxg4 29. Qe2 h5 30. Qc4+ Kh8 31. Qd5 Qg6 32. e6 Bxc3 33. e7 Re8 34. f5
Qf6 35. Rh1 Bd4 36. Bxd4 Qxd4+ 37. Qxd4+ cxd4 38. f6 Kg8 39. Rxh5 Kf7 40. Rf5
Rc8 41. Ke2 a6 42. Kd3 b5 43. Kxd4 Ke6 44. Rc5 Re8 45. Rc6+ Kf7 46. Rxa6 Rb8
47. Kc5 b4 48. Rb6 1-0

[Event "4NCL/Div4/WEA1 vs. NOTT2"]
[Site "Sunningdale ENG"]
[Date "2007.05.28"]
[Round "11.3"]
[White "Fisher, Robert"]
[Black "Kingston, Ian"]
[Result "0-1"]
[WhiteElo "1855"]
[BlackElo "1965"]
[PlyCount "46"]
[EventDate "2007.05.28"]
[EventType "team"]
[EventRounds "11"]
[EventCountry "ENG"]
[WhiteTeam "W Collective 1"]
[BlackTeam "Notts 2"]

1. d4 d5 2. Nf3 f5 3. g3 Nf6 4. Bg2 e6 5. Nbd2 Bd6 6. O-O Nbd7 7. c4 c6 8. Qc2
O-O 9. Ng5 Qe7 10. f4 Ng4 11. Ndf3 h6 12. Nh3 Ndf6 13. Nf2 Nxf2 14. Rxf2 b6 15.
Ne5 Qc7 16. cxd5 cxd5 17. e3 Bb7 18. Qxc7 Bxc7 19. Rc2 Rac8 20. Bd2 Bxe5 21.
Rxc8 Rxc8 22. fxe5 Ne4 23. Rc1 Nxd2 0-1

[Event "4NCL/Div4/WEA1 vs. NOTT2"]
[Site "Sunningdale ENG"]
[Date "2007.05.28"]
[Round "11.4"]
[White "Taylor, Robert P"]
[Black "Salimbeni, George"]
[Result "0-1"]
[WhiteElo "2003"]
[BlackElo "1890"]
[PlyCount "134"]
[EventDate "2007.05.28"]
[EventType "team"]
[EventRounds "11"]
[EventCountry "ENG"]
[WhiteTeam "Notts 2"]
[BlackTeam "W Collective 1"]

1. d4 Nf6 2. Nf3 g6 3. Bg5 Bg7 4. Nbd2 d5 5. e3 O-O 6. c4 Nbd7 7. Rc1 c6 8. Bd3
Re8 9. Bf4 Nh5 10. Bg5 Nhf6 11. Bf4 Nh5 12. Bg5 Nhf6 13. Bh4 h6 14. b4 Nb6 15.
Ne5 dxc4 16. Ndxc4 Be6 17. a4 Nxc4 18. Nxc4 Bxc4 19. Bxc4 Qd6 20. Qb3 e6 21.
Bg3 Qe7 22. O-O Ne4 23. Rfd1 Nxg3 24. hxg3 a6 25. b5 axb5 26. axb5 Ra3 27. Qc2
Rc8 28. Qe4 Qd8 29. bxc6 bxc6 30. Rc2 Ra7 31. Rdc1 Bf8 32. Bd3 Ba3 33. Ra1 c5
34. Rca2 Rca8 35. Qf4 cxd4 36. Qxd4 Qxd4 37. exd4 Bc5 38. Rxa7 Rxa7 39. Rd1
Bxd4 40. Bxg6 Bxf2+ 41. Kxf2 fxg6 42. Rd8+ Kg7 43. Rd3 Kf6 44. Rf3+ Ke7 45. Rd3
Ra5 46. g4 Ra4 47. Kf3 e5 48. Rb3 Kf6 49. Rb5 Ra3+ 50. Ke4 Rg3 51. Rb6+ Kg5 52.
Kxe5 Rxg2 53. Ke4 Rxg4+ 54. Kf3 h5 55. Rb5+ Kh4 56. Rb1 Rg3+ 57. Kf2 g5 58.
Rb4+ g4 59. Rb5 Rf3+ 60. Kg2 Ra3 61. Rb2 Ra5 62. Rc2 Kg5 63. Rc8 Ra2+ 64. Kg1
Kh4 65. Rc4 Kh3 66. Rc5 h4 67. Rc3+ g3 0-1

[Event "4NCL/Div4/WEA1 vs. NOTT2"]
[Site "Sunningdale ENG"]
[Date "2007.05.28"]
[Round "11.5"]
[White "Squibbs, Adam"]
[Black "Hill, Maurice J"]
[Result "0-1"]
[WhiteElo "1635"]
[BlackElo "1910"]
[PlyCount "50"]
[EventDate "2007.05.28"]
[EventType "team"]
[EventRounds "11"]
[EventCountry "ENG"]
[WhiteTeam "W Collective 1"]
[BlackTeam "Notts 2"]

1. c4 Nf6 2. Nc3 g6 3. g3 c6 4. Bg2 d5 5. cxd5 cxd5 6. Qa4+ Nc6 7. Nf3 e6 8. d3
Bd7 9. a3 a6 10. O-O Bg7 11. b4 Ne4 12. dxe4 Bxc3 13. Rb1 dxe4 14. Ng5 f5 15.
Kh1 Nd4 16. Qd1 Bb5 17. Nxe6 Nxe6 18. Qb3 Qf6 19. Rd1 Rd8 20. Rxd8+ Kxd8 21.
Bb2 Bxb2 22. Rxb2 Kc8 23. a4 Bxa4 24. Rc2+ Bc6 25. e3 Qa1+ 0-1

[Event "4NCL/Div4/WEA1 vs. NOTT2"]
[Site "Sunningdale ENG"]
[Date "2007.05.28"]
[Round "11.6"]
[White "Graham, Neil"]
[Black "Fryer, Keiran"]
[Result "1-0"]
[WhiteElo "1915"]
[BlackElo "1465"]
[PlyCount "29"]
[EventDate "2007.05.28"]
[EventType "team"]
[EventRounds "11"]
[EventCountry "ENG"]
[WhiteTeam "Notts 2"]
[BlackTeam "W Collective 1"]

1. d4 d5 2. e4 c6 3. Nc3 Nd7 4. exd5 cxd5 5. Nxd5 e6 6. Ne3 Ngf6 7. Nf3 Bd6 8.
Bd3 b6 9. O-O Bb7 10. Nc4 Qc7 11. Nxd6+ Qxd6 12. h3 O-O 13. c3 e5 14. dxe5 Nxe5
15. Bxh7+ 1-0

[Event "4NCL/Div4/SCS1 vs. CONQ2"]
[Site "Sunningdale ENG"]
[Date "2007.05.28"]
[Round "11.1"]
[White "Lutton, E Josiah"]
[Black "Davy, John"]
[Result "1/2-1/2"]
[WhiteElo "2080"]
[BlackElo "1950"]
[PlyCount "109"]
[EventDate "2007.05.28"]
[EventType "team"]
[EventRounds "11"]
[EventCountry "ENG"]
[WhiteTeam "S C Stars 1"]
[BlackTeam "Conquistadors 2"]

1. e4 d6 2. Nc3 g6 3. f4 Bg7 4. Nf3 Nf6 5. Be2 c5 6. O-O Nc6 7. Qe1 a6 8. d3 b5
9. Bd1 Qb6 10. h3 b4 11. Ne2 O-O 12. Qh4 c4+ 13. Kh1 cxd3 14. cxd3 Qb5 15. f5
Qxd3 16. Ng3 Nd4 17. Bh6 Nh5 18. Bb3 Nxg3+ 19. Qxg3 Nxb3 20. Rad1 Qxe4 21. Bxg7
Kxg7 22. f6+ exf6 23. axb3 d5 24. Qd6 Be6 25. Rde1 Rfd8 26. Qc7 Rdc8 27. Qb7
Qd3 28. Nh2 Qb5 29. Qe7 Bf5 30. Ng4 Qb6 31. Ne3 Be4 32. Ng4 Rc6 33. Ne5 Rc7 34.
Nd7 Qe6 35. Qxf6+ Qxf6 36. Nxf6 Bf5 37. Ne8+ Rxe8 38. Rxe8 Rc2 39. Re7 Rxb2 40.
Rf3 Kf8 41. Rb7 Rb1+ 42. Kh2 a5 43. g4 Be6 44. Kg3 d4 45. Rb5 Rxb3 46. Rxb3
Bxb3 47. Kf4 a4 48. Rxb4 d3 49. Ke3 Bc2 50. Rb7 {=} g5 51. Kd2 Kg7 52. Rb6 f6
53. Rb7+ Kg6 54. Rb6 h5 55. Ra6 1/2-1/2

[Event "4NCL/Div4/SCS1 vs. CONQ2"]
[Site "Sunningdale ENG"]
[Date "2007.05.28"]
[Round "11.2"]
[White "Cork, David J"]
[Black "Lutton, J Arnold"]
[Result "1-0"]
[WhiteElo "1960"]
[BlackElo "1901"]
[PlyCount "93"]
[EventDate "2007.05.28"]
[EventType "team"]
[EventRounds "11"]
[EventCountry "ENG"]
[WhiteTeam "Conquistadors 2"]
[BlackTeam "S C Stars 1"]

1. e4 e6 2. d4 d5 3. Nc3 Bb4 4. e5 c5 5. a3 Bxc3+ 6. bxc3 Qc7 7. Qg4 f6 8. Bb5+
Kf8 9. dxc5 Qxe5+ 10. Ne2 Qc7 11. a4 Nc6 12. O-O h5 13. Qh3 Nge7 14. Ba3 Kf7
15. Rfe1 e5 16. Qe3 Bf5 17. Bd3 e4 18. Bb5 g5 19. c4 Kg6 20. Bxc6 Qxc6 21. Nd4
Qd7 22. Rad1 Bg4 23. f3 Nf5 24. Nxf5 Bxf5 25. Rxd5 Qxa4 26. Rxf5 Rhe8 27. fxe4
Qxc4 28. Bb2 Re6 29. Qc3 Qxc3 30. Bxc3 a5 31. Ref1 Raa6 32. e5 fxe5 33. Rxe5
Rec6 34. Rff5 b5 35. Rxg5+ Kf7 36. Ref5+ Ke6 37. Rf6+ Ke7 38. Rg7+ Ke8 39. Rf5
b4 40. Rxh5 Rh6 41. Re5+ Kf8 42. Rf5+ Ke8 43. Bd2 Rhc6 44. Rff7 Rf6 45. Rb7 Ra8
46. Bh6 Rd8 47. Rge7# 1-0